Vainqueurs Golden Boy - Statistiques

Statistiques générales
  • Ce quiz a été pris 630 fois
    162 depuis la dernière actualisation
  • Le résultat moyen est 13 sur 22
Statistiques - réponses
Année Vainqueurs Club % Correct
2017 Kylian Mbappé AS Monaco
98%
2024 Lamine Yamal FC Barcelone
98%
2021 Pedri FC Barcelone
96%
2022 Gavi FC Barcelone
92%
2023 Jude Bellingham Borussia Dortmund
87%
2005 Lionel Messi FC Barcelone
82%
2018 Matthijs de Ligt Ajax Amsterdam
77%
2013 Paul Pogba Juventus
71%
2020 Erling Haaland Borussia Dortmund
70%
2019 João Félix Benfica Lisbonne
67%
2015 Anthony Martial AS Monaco
55%
2004 Wayne Rooney Everton
51%
2012 Isco Málaga
49%
2016 Renato Sanches Benfica Lisbonne
49%
2014 Raheem Sterling Liverpool
42%
2011 Mario Götze Borussia Dortmund
36%
2009 Alexandre Pato AC Milan
33%
2007 Sergio Agüero Atletico Madrid
28%
2006 Cesc Fàbregas Arsenal
27%
2010 Mario Balotelli Inter Milan
27%
2008 Anderson Manchester United
20%
2003 Rafael van der Vaart Ajax Amsterdam
13%
Aucun quiz correspondant
Distribution des résultats
% des personnes avec chaque résultat
Percentile par nombre de réponses
Votre historique - résultats
Vous n’avez pas pris ce quiz depuis la dernière actualisation